Score 0/20 Timer 02:00
4 Plays Today
% Correct
Arabia
98.5%
Republic
97.8%
Washington
95.4%
Sri
94.7%
New
92.6%
Aires
89.5%
Salvador
80.9%
City
80.4%
Prince
79.5%
Papua
74.2%
% Correct
Bosnia
72.4%
Guinea
64.7%
Santo
63.9%
Faso
60.6%
Dhabi
59.9%
African
59.9%
Lumpur
48%
Port
48%
Marino
37.4%
Andorra
22.7%

Today's Daily Dose

Missing Word
'T' Pairs

Word Ladder
Game Pieces

Get the Picture
Baseball Movies

Remove Ads.
Support Sporcle.
Get the best of Sporcle when you Go Orange. This ad-free experience offers more features, more stats, and more fun while also helping to support Sporcle. Thank you for becoming a member.

You're not logged in!

Compare scores with friends on all Sporcle quizzes.
OR
Log In

Show Comments

Extras

Top Quizzes Today


Score Distribution

Your Account Isn't Verified!

In order to create a playlist on Sporcle, you need to verify the email address you used during registration. Go to your Sporcle Settings to finish the process.

Report this User

Report this user for behavior that violates our Community Guidelines.

Details: